ពិភពសត្វល្អិត / (Record no. 1320)
[ view plain ]
| 000 -LEADER | |
|---|---|
| fixed length control field | 01653nam a22002777a 4500 |
| 005 - DATE AND TIME OF LATEST TRANSACTION | |
| control field | 20251121133948.0 |
| 020 ## - INTERNATIONAL STANDARD BOOK NUMBER | |
| International Standard Book Number | 9789924340911 |
| 040 ## - CATALOGING SOURCE | |
| Original cataloging agency | FISKH |
| Language of cataloging | eng |
| Transcribing agency | FISKH |
| Modifying agency | FISKH |
| 082 ## - DEWEY DECIMAL CLASSIFICATION NUMBER | |
| Classification number | 595.79 |
| 100 ## - MAIN ENTRY--PERSONAL NAME | |
| Personal name | Hedelin, Pascale |
| 245 ## - TITLE STATEMENT | |
| Title | ពិភពសត្វល្អិត / |
| Statement of responsibility, etc. | និពន្ធដោយ Pascale Hedelin - គូររូបដោយ Sandra de la Prada - បកប្រែពីភាសាបារាំងដោយ ឡាច រតនា |
| 250 ## - EDITION STATEMENT | |
| Edition statement | បោះពុម្ពលើកទី ២ ខែកុម្ភៈ ២០២២ |
| 260 ## - PUBLICATION, DISTRIBUTION, ETC. | |
| Place of publication, distribution, etc. | Milan : |
| Name of publisher, distributor, etc. | Sipar, |
| Date of publication, distribution, etc. | 2019. |
| 300 ## - PHYSICAL DESCRIPTION | |
| Extent | 37 pages : |
| Other physical details | color illustrations ; |
| Dimensions | 25 cm |
| 490 ## - SERIES STATEMENT | |
| Series statement | ស្វែងយល់ពី |
| 505 ## - FORMATTED CONTENTS NOTE | |
| Formatted contents note | Z <br/> |
| 520 ## - SUMMARY, ETC. | |
| Summary, etc. | សៀវភៅឯកសារនេះប្រមូលផ្ដុំនូវសំណួរដែលកុមារតែងតែចោទសួរជាញឹកញាប់អំពីសត្វល្អិត។ វាជាសៀវភៅមួយក្បាល ដែលឆ្លើយតបនឹងចម្ងល់របស់កុមារអំពីពិភពនៅជុំវិញខ្លួនពួកគេ។ |
| 520 ## - SUMMARY, ETC. | |
| Summary, etc. | This booklet collects the questions that children often ask about insects. It is a book that answers children's questions about the world around them. |
| 521 ## - TARGET AUDIENCE NOTE | |
| Target audience note | 890 <br/> |
| Source | Lexile estimate <br/> |
| 521 ## - TARGET AUDIENCE NOTE | |
| Target audience note | Z <br/> |
| Source | Raz-Plus <br/> |
| 650 ## - SUBJECT ADDED ENTRY--TOPICAL TERM | |
| Topical term or geographic name entry element | សត្វល្អិត |
| Form subdivision | រូបភាព |
| General subdivision | ការពារ |
| 650 ## - SUBJECT ADDED ENTRY--TOPICAL TERM | |
| Topical term or geographic name entry element | Insects |
| Form subdivision | Picture |
| General subdivision | Protect |
| 700 ## - ADDED ENTRY--PERSONAL NAME | |
| Personal name | Prada, Sandra de la |
| Titles and other words associated with a name | illustrator |
| 942 ## - ADDED ENTRY ELEMENTS (KOHA) | |
| Source of classification or shelving scheme | Dewey Decimal Classification |
| Koha item type | Books |
| Suppress in OPAC | No |
| 999 ## - | |
| -- | 1320 |
| -- | 1320 |
| Withdrawn status | Lost status | Source of classification or shelving scheme | Damaged status | Not for loan | Collection | Home library | Current library | Shelving location | Date acquired | Total Checkouts | Full call number | Barcode | Date last seen | Date last checked out | Copy number | Price effective from | Koha item type |
|---|---|---|---|---|---|---|---|---|---|---|---|---|---|---|---|---|---|
| Dewey Decimal Classification | Khmer Language Books / សៀវភៅភាសាខ្មែរ | Footprints International School Library Network Toul Kork Campus | Footprints International School Library Network Toul Kork Campus | TK Campus, Room B402, Khmer Book Case 16, Shelves 112-123 / ទូរសៀវភៅខ្មែរលេខ ១៦ ធ្នើរ ១១២ ដល់ ១២៣ បន្ទប់ B402 សាខាទួលគោក | 08/15/2023 | 1 | HED 595.79 | 2023-0269 | 08/23/2024 | 08/23/2024 | 1 | 08/15/2023 | Books | ||||
| Dewey Decimal Classification | Khmer Language Books / សៀវភៅភាសាខ្មែរ | Footprints International School Library Network Toul Kork Campus | Footprints International School Library Network Toul Kork Campus | TK Campus, Room B402, Khmer Book Case 16, Shelves 112-123 / ទូរសៀវភៅខ្មែរលេខ ១៦ ធ្នើរ ១១២ ដល់ ១២៣ បន្ទប់ B402 សាខាទួលគោក | 08/15/2023 | HED 595.79 | 2023-0270 | 08/15/2023 | 2 | 08/15/2023 | Books |
